Iman & Amal Soleh

Bibliographic Details
Main Author: Hamka Prof. Dr
Format: Book
Published: Kuala Lumpur : Darul Nu'man , 1999
Subjects:

MARC

LEADER 00000cam a2200000 7i4500
001 0000013392
005 20080229.0
008 080111
020 |a 9830461246 
090 0 0 |a 297.2   |b HAM 
100 0 |a Hamka   |b Prof. Dr. 
245 1 0 |a Iman & Amal Soleh   |c Prof. Dr. Hamka 
246 1 |a Iman dan Amal Soleh 
260 |a Kuala Lumpur :   |b Darul Nu'man ,   |c 1999 
650 0 |a Islam   |x Doctrines 
650 0 |a Religious life   |x Islam 
740 1 |a Iman dan Amal Soleh 
999 |a 0001005715   |b Book   |c Adult Collection   |e Cawangan Pontian 
999 |a 0001005716   |b Book   |c Adult Collection   |e Perbadanan Perpustakaan Awam Johor 
999 |a 0001005717   |b Book   |c Adult Collection   |e Cawangan Muar 
999 |a 0001006596   |b Book   |c Adult Collection   |e Cawangan Pontian 
999 |a 0001006597   |b Book   |c Adult Collection   |e Perbadanan Perpustakaan Awam Johor 
999 |a 0001006598   |b Book   |c Adult Collection   |e Cawangan Bandar Tenggara